| 000 | 00903nmm a2200289 a 4500 | ||
|---|---|---|---|
| 001 | ocm000610318 | ||
| 003 | TR-IsHL | ||
| 005 | 20201028131239.0 | ||
| 008 | 131010s2011 tu tur | ||
| 007 | cr cn | ||
| 020 | _a9786054392322 | ||
| 035 |
_a610318 _b(N$T) |
||
| 050 | 0 | 4 |
_aBP189.7.B42 _bD47 2011 |
| 090 | 0 | 4 |
_aBP189.7.B42 _bD47 2011 |
| 100 | 1 | _aGüder, Nurcan Öznal | |
| 245 | 1 | 0 |
_aİbrahim Edhem destanı _h[electronic resource] / _cNurcan Öznal Güder |
| 250 | _a1.bs. | ||
| 260 |
_aKonya : _bEğitim Akademi Yayınevi, _c2011 |
||
| 300 | _a112 p. | ||
| 650 | 4 | _aFelsefe, Psikoloji ve Din | |
| 650 | 4 | _aPhilosophy, Psychology and Religion | |
| 650 | 0 | _aİbrahim Edhem | |
| 650 | 0 | _aBektaşilik | |
| 650 | 0 | _aBektashism | |
| 650 | 7 |
_aRELIGION / Islam / Shi'a _2bisacsh |
|
| 856 | 4 | 0 | _uhttp://search.ebscohost.com/login.aspx?direct=true&scope=site&db=e011xww&AN=610318 |
| 999 |
_c4459 _d4459 |
||